[Event "Corr"]
[Site "?"]
[Date "2002.03.19"]
[Round "?"]
[White "Derouineau Jacques"]
[Black "Bilsel Sabahaddin"]
[Result "0-1"]
[WhiteElo "2351"]
[BlackElo "2024"]
[PlyCount "92"]
[EventDate "2002.??.??"]
[Source "www.chesslib.no"]
[SourceDate "2004.05.04"]

1. e4 e5 2. f4 exf4 3. Nf3 g5 4. Bc4 g4 5. O-O gxf3 6. Qxf3 Qf6 7. c3 d6 8. d4 Bh6 9. Bxf4 Bxf4 10. Qxf4 Qxf4 11. Rxf4 Be6 12. d5 Bc8 13. Na3 a6 14. Raf1 f6 15. Be2 Nd7 16. Bh5+ Ke7 17. Nc2 Ne5 18. b3 Bd7 19. Ne3 Rf8 20. Be2 Ng6 21. R4f2 h5 22. Nf5+ Bxf5 23. Rxf5 h4 24. a3 Nh6 25. R5f2 Rhg8 26. c4 Ne5 27. Rf4 Nhg4 28. Bxg4 Rxg4 29. Rxg4 Nxg4 30. Rf4 Rg8 31. Kh1 Rg7 32. Kg1 Ne3 33. Kf2 Nxg2 34. Rf3 a5 35. Rf5 Kf7 36. Rf3 Rg5 37. b4 a4 38. b5 b6 39. Ke2 f5 40. exf5 Kf6 41. Kf2 Ke5 42. f6 Nf4 43. Re3+ Kxf6 44. Re4 Ng6 45. Re6+ Kf5 46. Kf1 Rg4 0-1

[Event "Martorell op-A"]
[Site "?"]
[Date "1997.??.??"]
[Round "8"]
[White "Mingo Fernandez Matias"]
[Black "Exposito Cabrera Joaquin"]
[Result "1/2-1/2"]
[WhiteElo "2185"]
[BlackElo "2180"]
[PlyCount "52"]
[EventDate "1997.??.??"]
[Source "www.chesslib.no"]
[SourceDate "2004.05.04"]

1. e4 e5 2. f4 exf4 3. Nf3 g5 4. Bc4 g4 5. O-O gxf3 6. Qxf3 Qf6 7. e5 Qxe5 8. Bxf7+ Kxf7 9. d4 Qf5 10. g4 Qg6 11. Bxf4 Nf6 12. Be5 Be7 13. Nc3 d6 14. Bxf6 Bxf6 15. Nd5 Qxg4+ 16. Qxg4 Bxg4 17. Nxf6 Bh3 18. Rf3 Nc6 19. Nd5+ Bf5 20. Rxf5+ Ke6 21. Rh5 Rhg8+ 22. Kh1 Rg7 23. Re1+ Kd7 24. c3 Ne7 25. Nxe7 Rxe7 26. Rxe7+ Kxe7 1/2-1/2

[Event "Corr"]
[Site "?"]
[Date "2000.10.01"]
[Round "?"]
[White "Efendiyev Enver Mikhaylovich"]
[Black "Kuiper Bert"]
[Result "0-1"]
[WhiteElo "2328"]
[BlackElo "2022"]
[PlyCount "62"]
[EventDate "2000.??.??"]
[Source "www.chesslib.no"]
[SourceDate "2004.05.04"]

1. e4 e5 2. f4 exf4 3. Nf3 g5 4. Bc4 g4 5. O-O gxf3 6. Qxf3 Qf6 7. Nc3 Qd4+ 8. Kh1 Qxc4 9. b3 Qe6 10. Nd5 Bd6 11. e5 Qxe5 12. Ba3 Kd8 13. Rae1 Qg5 14. Qc3 Qxd5 15. Qxh8 Qg5 16. Bb2 c5 17. Bg7 Kc7 18. Qxg8 Qg6 19. Re8 Nc6 20. Bf8 Bxf8 21. Qxg6 hxg6 22. Rxf8 Nd8 23. Re1 b5 24. Re5 Ne6 25. Rxf7 Kd6 26. Re1 a5 27. c3 Bb7 28. Kg1 a4 29. h4 axb3 30. axb3 Ra2 31. Re2 Bd5 0-1

[Event "4NCL 0001 Div-2"]
[Site "Birmingham"]
[Date "2001.01.28"]
[Round "6.7"]
[White "Hague, Ben"]
[Black "Coates, Ken"]
[Result "1/2-1/2"]
[WhiteElo "2188"]
[BlackElo "2160"]
[PlyCount "69"]
[EventDate "2001.01.27"]
[Source "www.chesslib.no"]
[SourceDate "2004.05.04"]

1. e4 e5 2. f4 exf4 3. Nf3 g5 4. Bc4 g4 5. O-O gxf3 6. Qxf3 Qf6 7. e5 Qxe5 8. Bxf7+ Kxf7 9. d4 Qf5 10. Bxf4 Nf6 11. Qe2 Bg7 12. Be5 Qxf1+ 13. Qxf1 Rf8 14. Qc4+ d5 15. Qxc7+ Kg8 16. Nc3 Be6 17. Re1 Nc6 18. Qxb7 Nxe5 19. dxe5 Ng4 20. Nxd5 Bxe5 21. Rxe5 Nxe5 22. Ne7+ Kf7 23. Nc8+ Kg6 24. Qe4+ Kf6 25. Qxa8 Rxc8 26. Qxa7 Rxc2 27. Qxh7 Rxb2 28. Qh4+ Kf5 29. Qh5+ Ke4 30. Qh7+ Bf5 31. Qh4+ Kd5 32. Qd8+ Ke6 33. Qg8+ Kd6 34. h3 Be4 35. Qf8+ 1/2-1/2

[Event "HUN-chT3 0102"]
[Site "?"]
[Date "2001.10.14"]
[Round "2.2"]
[White "Horvath Denes"]
[Black "Molnar Laszlo"]
[Result "1/2-1/2"]
[WhiteElo "2082"]
[BlackElo "2253"]
[PlyCount "163"]
[EventDate "2001.??.??"]
[Source "www.chesslib.no"]
[SourceDate "2004.05.04"]

1. e4 e5 2. f4 exf4 3. Nf3 g5 4. Bc4 d6 5. O-O g4 6. Ne1 Bh6 7. d4 Qf6 8. Nc3 Ne7 9. Ne2 f3 10. gxf3 Bxc1 11. Rxc1 Qh6 12. f4 Nd7 13. Ng3 Nb6 14. Bb3 Bd7 15. Ng2 O-O-O 16. Bxf7 Rdf8 17. Bb3 d5 18. e5 Qh3 19. Qd3 h5 20. Ne2 Nf5 21. Qxh3 gxh3 22. Ne1 Bb5 23. Nd3 Rhg8+ 24. Kh1 Rg2 25. Ng1 Nxd4 26. Nxh3 Rd2 27. Rf2 Rxf2 28. Ndxf2 Ne2 29. Re1 d4 30. Kg2 Bc6+ 31. Kf1 Nxf4 32. Nxf4 Rxf4 33. e6 Kd8 34. Re5 h4 35. Rh5 Ke7 36. Rh7+ Kd6 37. Ke2 Nc8 38. Rh8 Nb6 39. h3 Bd5 40. Ng4 Kxe6 41. Rxh4 Bxb3 42. axb3 Nd5 43. Rh6+ Ke7 44. Kd2 a5 45. c3 dxc3+ 46. bxc3 Rf3 47. c4 Nf4 48. Rf6 Rd3+ 49. Kc2 Rd4 50. Rh6 Nxh3 51. Ne3 Re4 52. Nd5+ Kd8 53. Rh8+ Re8 54. Rxh3 c6 55. Nf6 Re6 56. Rh6 b5 57. Kd3 a4 58. bxa4 bxa4 59. Rh8+ Kc7 60. Ne4 a3 61. Ra8 Rh6 62. c5 Kd7 63. Kd4 Ke6 64. Rxa3 Rh5 65. Ra6 Rd5+ 66. Kc4 Ke5 67. Nc3 Rd4+ 68. Kb3 Rh4 69. Rxc6 Kd4 70. Kb4 Kd3+ 71. Kb5 Kxc3 72. Rd6 Rb4+ 73. Ka6 Kc4 74. c6 Ra4+ 75. Kb7 Rb4+ 76. Kc8 Kc5 77. Kd7 Rh4 78. Kc7 Rh7+ 79. Rd7 Rh6 80. Kb7 Rxc6 81. Rc7 Rxc7+ 82. Kxc7 1/2-1/2

[Event "Corr"]
[Site "?"]
[Date "2002.03.19"]
[Round "?"]
[White "Bilsel Sabahaddin"]
[Black "Marcotulli Giancarlo"]
[Result "0-1"]
[WhiteElo "2023"]
[BlackElo "2302"]
[PlyCount "64"]
[EventDate "2002.??.??"]
[Source "www.chesslib.no"]
[SourceDate "2004.05.04"]

1. e4 e5 2. f4 exf4 3. Nf3 g5 4. Bc4 g4 5. O-O gxf3 6. Qxf3 Qe7 7. d4 Nc6 8. Bxf4 Nxd4 9. Qd3 Ne6 10. Nc3 Bg7 11. Bxe6 dxe6 12. Qg3 Bf8 13. Rad1 Bd7 14. Rf2 f6 15. Bxc7 Qg7 16. Rfd2 Qxg3 17. Bxg3 Bc6 18. a3 Ne7 19. b4 a6 20. Rd6 Kf7 21. R6d3 Bg7 22. a4 f5 23. exf5 Nxf5 24. b5 Be8 25. Bf2 Rg8 26. h3 axb5 27. axb5 Rc8 28. Be1 Bxc3 29. Rxc3 Bxb5 30. Rxc8 Rxc8 31. Rb1 Bc6 32. g4 Ne3 0-1

[Event "Corr"]
[Site "?"]
[Date "2001.??.??"]
[Round "?"]
[White "Hanison Bernard"]
[Black "Quednau Hans Joachim"]
[Result "0-1"]
[WhiteElo "1971"]
[BlackElo "2348"]
[PlyCount "30"]
[EventDate "2001.??.??"]
[Source "www.chesslib.no"]
[SourceDate "2004.05.04"]

1. e4 e5 2. f4 exf4 3. Nf3 g5 4. Bc4 g4 5. O-O gxf3 6. Qxf3 Qf6 7. d3 Nc6 8. Bxf4 d6 9. Nc3 Be6 10. Nd5 Qd8 11. Bg5 Qxg5 12. Nxc7+ Kd7 13. Nxa8 Bg7 14. Bxe6+ fxe6 15. d4 Bxd4+ 0-1

[Event "Corr"]
[Site "?"]
[Date "2001.??.??"]
[Round "?"]
[White "Quednau Hans Joachim"]
[Black "Hanison Bernard"]
[Result "1-0"]
[WhiteElo "2348"]
[BlackElo "1971"]
[PlyCount "43"]
[EventDate "2001.??.??"]
[Source "www.chesslib.no"]
[SourceDate "2004.05.04"]

1. e4 e5 2. f4 exf4 3. Nf3 g5 4. Bc4 g4 5. Ne5 Qh4+ 6. Kf1 Nh6 7. d4 d6 8. Nd3 f3 9. g3 Qf6 10. Be3 Nd7 11. Bb3 Nb6 12. Nc3 a5 13. e5 Qd8 14. Qd2 Nf5 15. Bg5 Be7 16. Bxe7 Qxe7 17. exd6 Qxd6 18. Nb5 Qc6 19. Re1+ Kd8 20. Qf4 a4 21. d5 Qd7 22. Qg5+ 1-0

[Event "TGT 01.11"]
[Site " "]
[Date "1999.01.04"]
[Round "?"]
[White "Schenning, Albert"]
[Black "Stock, Thomas (GER)"]
[Result "0-1"]
[WhiteElo "2055"]
[BlackElo "2253"]
[PlyCount "28"]
[EventDate "1999.01.04"]
[Source "www.chesslib.no"]
[SourceDate "2004.05.04"]

1. e4 e5 2. f4 exf4 3. Nf3 g5 4. Bc4 g4 5. O-O d5 6. exd5 gxf3 7. Qxf3 Bd6 8. d3 Ne7 9. Bxf4 Bxf4 10. Qxf4 O-O 11. Nc3 Ng6 12. Qh6 Kh8 13. Rae1 f5 14. Nb5 Nd7 0-1

[Event "TGT 01.11"]
[Site " "]
[Date "1999.01.04"]
[Round "?"]
[White "Stock, Thomas (GER)"]
[Black "Schenning, Albert"]
[Result "1-0"]
[WhiteElo "2253"]
[BlackElo "2055"]
[PlyCount "49"]
[EventDate "1999.01.04"]
[Source "www.chesslib.no"]
[SourceDate "2004.05.04"]

1. e4 e5 2. f4 exf4 3. Nf3 g5 4. Bc4 g4 5. O-O gxf3 6. Qxf3 Qf6 7. e5 Qxe5 8. Bxf7+ Kxf7 9. d4 Qxd4+ 10. Be3 Qg7 11. Qxf4+ Nf6 12. Bd4 Be7 13. Nc3 d6 14. Bxf6 Bxf6 15. Nd5 Nd7 16. Rae1 Rf8 17. Re7+ Kg8 18. Rxg7+ Bxg7 19. Qg5 Rxf1+ 20. Kxf1 Nf8 21. Qd8 Be6 22. Ne7+ Kf7 23. Qxa8 Kxe7 24. Qxb7 Nd7 25. b3 1-0

[Event "TGT"]
[Site "?"]
[Date "1998.??.??"]
[Round "?"]
[White "Stock, Thomas"]
[Black "Schenning, Albert"]
[Result "0-1"]
[WhiteElo "2250"]
[BlackElo "2055"]
[PlyCount "54"]
[EventDate "1998.??.??"]
[Source "www.chesslib.no"]
[SourceDate "2004.05.04"]

1. e4 e5 2. f4 exf4 3. Nf3 g5 4. Bc4 g4 5. O-O gxf3 6. Qxf3 Qf6 7. e5 Qxe5 8. Bxf7+ Kxf7 9. d4 Qf5 10. Bxf4 Nf6 11. Qb3+ Qe6 12. c4 Rg8 13. Be5 Be7 14. Nc3 d6 15. Bxf6 Bxf6 16. Rae1 Qg4 17. Qc2 Qxd4+ 18. Kh1 Rg6 19. Nd5 Kg7 20. Re4 Nc6 21. Rxd4 Bxd4 22. Nxc7 Rb8 23. Qe4 Bd7 24. b4 Be5 25. Nd5 Kh8 26. b5 Nd4 27. Rf2 Rg7 0-1

[Event "TGT"]
[Site "?"]
[Date "1998.??.??"]
[Round "?"]
[White "Schenning, Albert"]
[Black "Stock, Thomas"]
[Result "1/2-1/2"]
[WhiteElo "2055"]
[BlackElo "2250"]
[PlyCount "33"]
[EventDate "1998.??.??"]
[Source "www.chesslib.no"]
[SourceDate "2004.05.04"]

1. e4 e5 2. f4 exf4 3. Nf3 g5 4. Bc4 g4 5. O-O d5 6. Bxd5 gxf3 7. Qxf3 Nf6 8. Qxf4 Be7 9. Nc3 O-O 10. d3 c6 11. Bb3 Be6 12. e5 Nd5 13. Nxd5 Bxd5 14. Be3 Bxb3 15. axb3 Nd7 16. Rf3 f6 17. Qh6 1/2-1/2

[Event "Corr"]
[Site "?"]
[Date "2003.01.01"]
[Round "?"]
[White "Bieber Herbert"]
[Black "Poschmann Hans"]
[Result "1/2-1/2"]
[WhiteElo "2021"]
[BlackElo "2282"]
[PlyCount "53"]
[EventDate "2003.??.??"]
[Source "www.chesslib.no"]
[SourceDate "2004.05.04"]

1. e4 e5 2. f4 exf4 3. Nf3 g5 4. Bc4 Nc6 5. O-O Bg7 6. c3 d6 7. d4 h6 8. Qa4 Bd7 9. Qb3 Na5 10. Bxf7+ Ke7 11. Qa3 Kxf7 12. Qxa5 c5 13. Qa3 cxd4 14. Qxd6 dxc3 15. Nxc3 Qb6+ 16. Qxb6 axb6 17. h4 Kg6 18. Rd1 Bc6 19. Rd6+ Kh5 20. hxg5 hxg5 21. Kf2 Nf6 22. Bxf4 gxf4 23. Rh1+ Kg4 24. Ne5+ Kg5 25. Nf7+ Kg4 26. Ne5+ Kg5 27. Nf7+ 1/2-1/2

[Event "TGT 01.09"]
[Site "email"]
[Date "1998.10.25"]
[Round "?"]
[White "Stock, Thomas (GER)"]
[Black "Marchisotti, Dr Mauro"]
[Result "0-1"]
[WhiteElo "2252"]
[BlackElo "2044"]
[PlyCount "40"]
[EventDate "1998.10.25"]
[Source "www.chesslib.no"]
[SourceDate "2004.05.04"]

1. e4 e5 2. f4 exf4 3. Nf3 g5 4. Bc4 g4 5. O-O gxf3 6. Qxf3 Qf6 7. e5 Qxe5 8. Bxf7+ Kxf7 9. d4 Qf5 10. Qb3+ Qe6 11. c4 Bg7 12. Bxf4 Bxd4+ 13. Kh1 Nf6 14. Nc3 Rg8 15. Rae1 Qg4 16. Bg3 Nc6 17. Nd5 Qg5 18. Nxc7 Rb8 19. Nb5 Bc5 20. Qc2 d6 0-1

[Event "TGT"]
[Site "?"]
[Date "1998.??.??"]
[Round "?"]
[White "Stock, Thomas"]
[Black "Collier, Robert"]
[Result "1-0"]
[WhiteElo "2250"]
[BlackElo "2015"]
[PlyCount "55"]
[EventDate "1998.??.??"]
[Source "www.chesslib.no"]
[SourceDate "2004.05.04"]

1. e4 e5 2. f4 exf4 3. Nf3 g5 4. Bc4 g4 5. O-O gxf3 6. Qxf3 Bc5+ 7. Kh1 Qf6 8. c3 Bb6 9. d4 Ne7 10. Bxf4 d6 11. Nd2 h6 12. e5 dxe5 13. Ne4 Qxf4 14. Bxf7+ Kd8 15. Qd3 Qg4 16. dxe5+ Qd7 17. Qe2 Qa4 18. Rad1+ Nd7 19. e6 Qa6 20. Qg4 Bd4 21. cxd4 Rh7 22. Nc5 Qc6 23. Bg8 Rh8 24. exd7 Bxd7 25. Rf8+ Be8 26. Ne6+ Kc8 27. d5 Qb5 28. Nd4+ 1-0

[Event "TGT"]
[Site "?"]
[Date "1998.??.??"]
[Round "?"]
[White "Collier, Robert"]
[Black "Stock, Thomas"]
[Result "0-1"]
[WhiteElo "2015"]
[BlackElo "2250"]
[PlyCount "88"]
[EventDate "1998.??.??"]
[Source "www.chesslib.no"]
[SourceDate "2004.05.04"]

1. e4 e5 2. f4 exf4 3. Nf3 g5 4. Bc4 g4 5. O-O d5 6. Bxd5 gxf3 7. Qxf3 Nf6 8. Qxf4 Be7 9. d3 c6 10. Bc4 Rf8 11. Be3 Be6 12. Nd2 Nbd7 13. a4 Qa5 14. Bxe6 fxe6 15. Nc4 Qh5 16. Nd6+ Bxd6 17. Qxd6 Qe5 18. Qxe5 Nxe5 19. Bg5 Nfd7 20. Rxf8+ Kxf8 21. Rf1+ Kg7 22. d4 Nc4 23. b3 Nd6 24. e5 Ne4 25. Be7 c5 26. Rf4 Re8 27. Rg4+ Kf7 28. Bh4 Nc3 29. dxc5 Nxe5 30. Rb4 Rb8 31. Be1 Nd5 32. Rh4 Rh8 33. c4 Nf6 34. Bc3 Nd3 35. b4 e5 36. a5 Rd8 37. a6 bxa6 38. c6 Rc8 39. g4 Kg6 40. Bd2 Nf4 41. b5 axb5 42. cxb5 a6 43. bxa6 Rxc6 44. Bxf4 exf4 0-1

[Event "Corr"]
[Site "?"]
[Date "2002.03.19"]
[Round "?"]
[White "Bilsel Sabahaddin"]
[Black "Nagley Tim"]
[Result "0-1"]
[WhiteElo "2031"]
[BlackElo "2233"]
[PlyCount "88"]
[EventDate "2002.??.??"]
[Source "www.chesslib.no"]
[SourceDate "2004.05.04"]

1. e4 e5 2. f4 exf4 3. Nf3 g5 4. Bc4 g4 5. O-O gxf3 6. Qxf3 Qf6 7. e5 Qxe5 8. d3 Bh6 9. Nc3 Ne7 10. Bd2 Nbc6 11. Rae1 Qf5 12. Nd5 Kd8 13. Qe2 Qe6 14. Qf3 Qg6 15. Nxe7 Nxe7 16. Bxf4 Bxf4 17. Qxf4 f6 18. Rf3 Qg5 19. Qe4 Qe5 20. Qh4 Ng6 21. Rxe5 Nxh4 22. Rxf6 c6 23. Bf7 d5 24. c3 Bd7 25. g3 Ng6 26. Bxg6 hxg6 27. Rxg6 Kc7 28. h4 Rag8 29. Reg5 Re8 30. Rf6 Re1+ 31. Kg2 d4 32. cxd4 Rd1 33. h5 Rxd3 34. g4 Rxd4 35. Kg3 Rd2 36. h6 Rxb2 37. Ra5 Rb4 38. g5 a6 39. Rf4 Rxf4 40. Kxf4 Rf8+ 41. Kg3 Be8 42. Ra4 Bg6 43. Rh4 Rf7 44. Kg4 b5 0-1

[Event "TGT"]
[Site "?"]
[Date "1998.??.??"]
[Round "?"]
[White "Stock, Thomas"]
[Black "Hanison, Bernard"]
[Result "1-0"]
[WhiteElo "2250"]
[BlackElo "2010"]
[PlyCount "34"]
[EventDate "1998.??.??"]
[Source "www.chesslib.no"]
[SourceDate "2004.05.04"]

1. e4 e5 2. f4 exf4 3. Nf3 g5 4. Bc4 g4 5. O-O gxf3 6. Qxf3 Qf6 7. e5 Qxe5 8. Bxf7+ Kxf7 9. d4 Qf5 10. Bxf4 Nf6 11. Qe2 Qe6 12. Be5 Bg7 13. Nc3 Rf8 14. Nd5 Qxd5 15. Bxf6 Bxf6 16. Rxf6+ Kxf6 17. Rf1+ Kg6 1-0

[Event "TGT"]
[Site "?"]
[Date "1998.??.??"]
[Round "?"]
[White "Hanison, Bernard"]
[Black "Stock, Thomas"]
[Result "0-1"]
[WhiteElo "2010"]
[BlackElo "2250"]
[PlyCount "35"]
[EventDate "1998.??.??"]
[Source "www.chesslib.no"]
[SourceDate "2004.05.04"]

1. e4 e5 2. f4 exf4 3. Nf3 g5 4. Bc4 g4 5. O-O d5 6. Bxd5 gxf3 7. Qxf3 Nf6 8. Qxf4 c6 9. Qxf6 Bc5+ 10. Kh1 Qxf6 11. Rxf6 cxd5 12. exd5 O-O 13. Nc3 Re8 14. Rf1 Na6 15. a3 Bd7 16. d3 Bd4 17. Bg5 f5 18. Rae1 0-1

[Event "Corr"]
[Site "?"]
[Date "2001.06.18"]
[Round "?"]
[White "Pascual Orlando B"]
[Black "Frank Mario Alberto"]
[Result "0-1"]
[WhiteElo "1896"]
[BlackElo "2354"]
[PlyCount "58"]
[EventDate "2001.??.??"]
[Source "www.chesslib.no"]
[SourceDate "2004.05.04"]

1. e4 e5 2. f4 exf4 3. Nf3 g5 4. Bc4 g4 5. O-O gxf3 6. Qxf3 Qf6 7. d3 Bh6 8. Nc3 Ne7 9. Bd2 Nbc6 10. Qh5 Ne5 11. Bb3 Rg8 12. Rf2 d6 13. d4 Bg4 14. Bxf7+ Nxf7 15. Qb5+ Bd7 16. Qxb7 Bc6 17. Qxc7 Qxd4 18. Rd1 Qc5 19. b4 Rxg2+ 20. Kxg2 Bxe4+ 21. Nxe4 Qxc7 22. Nf6+ Kd8 23. Re1 f3+ 24. Kg1 Bxd2 25. Rxd2 Qb6+ 26. Kf1 Qb5+ 27. Kf2 Qxb4 28. Ne4 Ng5 29. Rxd6+ Kc7 0-1

[Event "Corr"]
[Site "?"]
[Date "2001.06.18"]
[Round "?"]
[White "Frank Mario Alberto"]
[Black "Pascual Orlando B"]
[Result "1-0"]
[WhiteElo "2354"]
[BlackElo "1896"]
[PlyCount "35"]
[EventDate "2001.??.??"]
[Source "www.chesslib.no"]
[SourceDate "2004.05.04"]

1. e4 e5 2. f4 exf4 3. Nf3 g5 4. Bc4 g4 5. O-O gxf3 6. Qxf3 Qf6 7. e5 Qxe5 8. Bxf7+ Kd8 9. d3 Bh6 10. Bd2 Nc6 11. Re1 Qc5+ 12. d4 Qxd4+ 13. Kh1 Ne5 14. Bc3 Ne7 15. Qh5 Qf2 16. Qxe5 Qxe1+ 17. Bxe1 Rf8 18. Qf6 1-0

[Event "Corr"]
[Site "?"]
[Date "2003.09.08"]
[Round "?"]
[White "Canizares Cuadra Pedro"]
[Black "Converset Juan Jose"]
[Result "1/2-1/2"]
[WhiteElo "2027"]
[BlackElo "2213"]
[PlyCount "40"]
[EventDate "2003.??.??"]
[Source "www.chesslib.no"]
[SourceDate "2004.05.04"]

1. e4 e5 2. f4 exf4 3. Nf3 g5 4. Bc4 g4 5. O-O gxf3 6. Qxf3 Qf6 7. e5 Qxe5 8. Bxf7+ Kxf7 9. d4 Qf5 10. Bxf4 Nf6 11. Qe2 Qg4 12. Qxg4 Nxg4 13. Be5+ Kg8 14. Bxh8 Bh6 15. Nc3 Kxh8 16. Nd5 Na6 17. Rae1 c6 18. Re8+ Kg7 19. Ne7 Be3+ 20. Kh1 Nf2+ 1/2-1/2

[Event "TGT"]
[Site "?"]
[Date "1998.??.??"]
[Round "?"]
[White "Stock, Thomas"]
[Black "Schenning, Albert"]
[Result "1/2-1/2"]
[WhiteElo "2180"]
[BlackElo "2055"]
[PlyCount "99"]
[EventDate "1998.??.??"]
[Source "www.chesslib.no"]
[SourceDate "2004.05.04"]

1. e4 e5 2. f4 exf4 3. Nf3 g5 4. Bc4 g4 5. O-O gxf3 6. Qxf3 Qf6 7. d3 Bh6 8. Nc3 Ne7 9. Bxf4 Bxf4 10. Qxf4 Qxf4 11. Rxf4 Nbc6 12. Raf1 Nd4 13. Rxf7 c6 14. R1f2 b5 15. Bb3 Ng6 16. Rg7 Ne5 17. Nd1 a5 18. Bg8 h6 19. Ne3 Ba6 20. c3 Nxd3 21. Rd2 Kf8 22. Rxd7 Ne5 23. R7xd4 Rxg8 24. Rf2+ Kg7 25. Nf5+ Kh7 26. Rd6 Rg6 27. Rxg6 Nxg6 28. Rd2 Ra7 29. Rd8 c5 30. Kf2 b4 31. a3 b3 32. Rd5 Rc7 33. Ke3 Bc8 34. Nd6 Be6 35. Rh5 a4 36. Nb5 Rc6 37. Na7 Ra6 38. Nb5 c4 39. Nd4 Bf7 40. Rc5 Ra7 41. e5 Rd7 42. g3 Rd5 43. Rxd5 Bxd5 44. Nf5 Be6 45. Nd4 Bh3 46. Ke4 Ne7 47. e6 Kg6 48. Ke5 Bg2 49. Nb5 Nf5 50. Nc7 1/2-1/2

[Event "It Open"]
[Site "Werfen AUT"]
[Date "1993.??.??"]
[Round "5"]
[White "Fusi Christopher"]
[Black "Degeneve Wolfgang"]
[Result "1-0"]
[WhiteElo "2210"]
[BlackElo "2025"]
[PlyCount "93"]
[EventDate "1993.??.??"]
[Source "www.chesslib.no"]
[SourceDate "2004.05.04"]

1. e4 e5 2. f4 exf4 3. Nf3 g5 4. Bc4 d6 5. O-O g4 6. Ne1 Nf6 7. Nc3 Bg7 8. d3 O-O 9. Bxf4 c6 10. Bb3 Qe7 11. Qd2 Be6 12. Bh6 Bxh6 13. Qxh6 Nbd7 14. g3 Kh8 15. Ng2 Ng8 16. Qe3 Ne5 17. Nh4 Bxb3 18. axb3 Qe6 19. Rxa7 Rab8 20. Ne2 Ng6 21. Nd4 Qd7 22. Ndf5 c5 23. Qg5 Qd8 24. Qxd8 Rfxd8 25. Nxg6+ hxg6 26. Ne3 Nh6 27. Rf4 g5 28. Rf2 Kg7 29. Nd5 Ng8 30. b4 c4 31. dxc4 Re8 32. Re2 f5 33. c5 dxc5 34. bxc5 Kh6 35. e5 Re6 36. b4 Kg6 37. c4 Nh6 38. Nb6 Re7 39. c6 Kf7 40. e6+ Ke8 41. Nd7 bxc6 42. Nxb8 Rxa7 43. Nxc6 Rc7 44. b5 f4 45. Rd2 Rc8 46. c5 Nf5 47. b6 1-0

[Event "Corr"]
[Site "?"]
[Date "2003.09.08"]
[Round "?"]
[White "Converset Juan Jose"]
[Black "Canizares Cuadra Pedro"]
[Result "0-1"]
[WhiteElo "2233"]
[BlackElo "2001"]
[PlyCount "38"]
[EventDate "2003.??.??"]
[Source "www.chesslib.no"]
[SourceDate "2004.05.04"]

1. e4 e5 2. f4 exf4 3. Nf3 g5 4. Bc4 g4 5. O-O gxf3 6. d4 d5 7. Bxd5 Bg4 8. Qd3 c6 9. Bb3 Bh6 10. Rf2 Nd7 11. Nd2 Qe7 12. Qc3 fxg2 13. e5 Ngf6 14. Rxg2 O-O-O 15. h3 f3 16. Rxg4 Nxg4 17. hxg4 Bxd2 18. Bxd2 Nxe5 19. dxe5 Qh4 0-1

[Event "Corr"]
[Site "?"]
[Date "2002.04.23"]
[Round "?"]
[White "Nagley Tim"]
[Black "Corbat Philippe"]
[Result "1/2-1/2"]
[WhiteElo "2209"]
[BlackElo "2022"]
[PlyCount "73"]
[EventDate "2002.??.??"]
[Source "www.chesslib.no"]
[SourceDate "2004.05.04"]

1. e4 e5 2. f4 exf4 3. Nf3 g5 4. Bc4 g4 5. O-O gxf3 6. Qxf3 Qf6 7. d3 Bh6 8. Nc3 Ne7 9. Bxf4 Bxf4 10. Qxf4 Qxf4 11. Rxf4 d6 12. Rxf7 Bd7 13. Raf1 Nbc6 14. Nb5 Rc8 15. Rg7 a6 16. Nc3 b5 17. Bb3 b4 18. Ne2 Ne5 19. d4 N5g6 20. Rff7 Bb5 21. Ng3 c5 22. c4 bxc3 23. bxc3 cxd4 24. cxd4 Rc1+ 25. Kf2 Rf8 26. Rxh7 Bc4 27. Rxf8+ Nxf8 28. Rh6 Bxb3 29. axb3 Rc2+ 30. Kf3 Kd7 31. Nf5 Nxf5 32. exf5 Rc3+ 33. Ke4 Rxb3 34. g4 a5 35. g5 Ke7 36. Rh8 Kf7 37. Rh6 1/2-1/2

[Event "TGT 1.1"]
[Site "match # 2"]
[Date "1998.06.15"]
[Round "?"]
[White "Becker, Axel"]
[Black "Stock, Thomas"]
[Result "0-1"]
[WhiteElo "2050"]
[BlackElo "2180"]
[PlyCount "26"]
[EventDate "1998.06.15"]
[Source "www.chesslib.no"]
[SourceDate "2004.05.04"]

1. e4 e5 2. f4 exf4 3. Nf3 g5 4. Bc4 g4 5. O-O d5 6. Bxd5 gxf3 7. Qxf3 Bd6 8. Bxf7+ Kxf7 9. Qh5+ Kg7 10. d4 Nh6 11. c3 Rf8 12. h3 Qe8 13. Qe2 Nc6 0-1

[Event "TGT 1.1"]
[Site "match # 1"]
[Date "1998.06.14"]
[Round "?"]
[White "Stock, Thomas"]
[Black "Becker, Axel"]
[Result "1-0"]
[WhiteElo "2180"]
[BlackElo "2050"]
[PlyCount "21"]
[EventDate "1998.06.15"]
[Source "www.chesslib.no"]
[SourceDate "2004.05.04"]

1. e4 e5 2. f4 exf4 3. Nf3 g5 4. Bc4 g4 5. O-O d5 6. exd5 gxf3 7. Qxf3 Bd6 8. d3 Bf5 9. Bxf4 Bg6 10. Nc3 Be7 11. Nb5 1-0

[Event "Corr"]
[Site "?"]
[Date "2002.04.23"]
[Round "?"]
[White "Corbat Philippe"]
[Black "Nagley Tim"]
[Result "0-1"]
[WhiteElo "2032"]
[BlackElo "2191"]
[PlyCount "74"]
[EventDate "2002.??.??"]
[Source "www.chesslib.no"]
[SourceDate "2004.05.04"]

1. e4 e5 2. f4 exf4 3. Nf3 g5 4. Bc4 g4 5. O-O gxf3 6. Qxf3 Qf6 7. e5 Qxe5 8. Bxf7+ Kxf7 9. d4 Qf5 10. Bxf4 Nf6 11. Qe2 Bg7 12. Be5 Qg6 13. Nc3 d6 14. Bxf6 Bxf6 15. Nd5 Bf5 16. Nxf6 Kxf6 17. Rxf5+ Qxf5 18. Rf1 Qxf1+ 19. Qxf1+ Ke7 20. Qb5 Nd7 21. Qg5+ Nf6 22. Qg7+ Ke6 23. Qxc7 b5 24. c4 Rac8 25. d5+ Kf5 26. Qxd6 Rxc4 27. h3 Re8 28. Qg3 Re7 29. Qd3+ Ke5 30. b3 Rc1+ 31. Kh2 Nxd5 32. Qe2+ Kd6 33. Qxb5 Rc2 34. Qb8+ Rec7 35. Qf8+ Ke5 36. Qh8+ Nf6 37. Qb8 Ke6 0-1

[Event "Corr"]
[Site "?"]
[Date "2002.03.19"]
[Round "?"]
[White "Marcotulli Giancarlo"]
[Black "Jobe Tom B"]
[Result "1/2-1/2"]
[WhiteElo "2255"]
[BlackElo "1960"]
[PlyCount "97"]
[EventDate "2002.??.??"]
[Source "www.chesslib.no"]
[SourceDate "2004.05.04"]

1. e4 e5 2. f4 exf4 3. Nf3 g5 4. Bc4 g4 5. O-O gxf3 6. Qxf3 Qe7 7. d4 Nc6 8. Qxf4 Bh6 9. Qxf7+ Qxf7 10. Bxf7+ Kd8 11. Bxh6 Nxh6 12. c3 Rf8 13. Bc4 Rxf1+ 14. Kxf1 d6 15. Nd2 Bg4 16. h3 Bh5 17. g4 Bg6 18. Kg2 Ke7 19. Rf1 Rf8 20. Rxf8 Kxf8 21. Kf3 Bf7 22. g5 Bxc4 23. Nxc4 Nf7 24. h4 Kg7 25. Ne3 Ne7 26. Nf5+ Nxf5 27. exf5 d5 28. Kf4 c6 29. b3 a6 30. c4 dxc4 31. bxc4 Nd6 32. c5 Nc4 33. Ke4 Nd2+ 34. Ke3 Nf1+ 35. Kf4 Nd2 36. h5 a5 37. f6+ Kf7 38. Kf5 Nf3 39. g6+ hxg6+ 40. hxg6+ Kf8 41. Ke6 Nxd4+ 42. Kd7 a4 43. a3 Nf3 44. Kc7 Ne5 45. g7+ Kf7 46. Kxb7 Nd7 47. Kxc6 Nxf6 48. Kb5 Nd5 49. Kxa4 1/2-1/2

[Event "SVK-chT2a 9798"]
[Site "SVK"]
[Date "1998.??.??"]
[Round "?"]
[White "Mynar, Martin"]
[Black "Kramarik, P."]
[Result "1-0"]
[WhiteElo "2165"]
[BlackElo "2040"]
[PlyCount "37"]
[EventDate "1997.??.??"]
[Source "www.chesslib.no"]
[SourceDate "2004.05.04"]

1. e4 e5 2. f4 exf4 3. Nf3 g5 4. Bc4 g4 5. O-O gxf3 6. Qxf3 Qf6 7. e5 Qxe5 8. Bxf7+ Kxf7 9. d4 Qf5 10. Bxf4 Nf6 11. Nc3 Bd6 12. Bxd6 Qxf3 13. Rxf3 cxd6 14. Raf1 Rd8 15. Rxf6+ Kg7 16. Ne4 Nc6 17. R1f4 Nxd4 18. Rg4+ Kh8 19. Nxd6 1-0